[Event "European Individual Chess Championship 2017"]
[Site "?"]
[Date "2017.06.08"]
[Round "9.99"]
[White "Macieja, Bartlomiej"]
[Black "Meribanov, Vitaly"]
[Result "1-0"]
[BlackElo "2385"]
[WhiteElo "2530"]
[LiveChessVersion "1.4.8"]

1. e4 {[%clk 1:30:57]} e5 {[%clk 1:30:56]} 2. Nf3 {[%clk 1:31:24]} Nc6
{[%clk 1:31:23]} 3. Bb5 {[%clk 1:31:34]} a6 {[%clk 1:31:48]} 4. Ba4
{[%clk 1:31:59]} Nf6 {[%clk 1:32:14]} 5. O-O {[%clk 1:32:25]} b5 {[%clk 1:32:20]}
6. Bb3 {[%clk 1:32:53]} Bb7 {[%clk 1:32:40]} 7. c3 {[%clk 1:11:15]} Nxe4
{[%clk 1:20:38]} 8. d4 {[%clk 1:11:40]} Be7 {[%clk 1:07:10]} 9. Qe2
{[%clk 0:36:28]} d5 {[%clk 0:55:22]} 10. dxe5 {[%clk 0:36:52]} Na5
{[%clk 0:54:10]} 11. Bc2 {[%clk 0:37:07]} c5 {[%clk 0:54:09]} 12. Rd1
{[%clk 0:21:45]} Qb6 {[%clk 0:54:03]} 13. Nbd2 {[%clk 0:22:08]} Nxd2
{[%clk 0:51:32]} 14. Bxd2 {[%clk 0:22:36]} O-O {[%clk 0:49:05]} 15. Ng5
{[%clk 0:17:30]} Bxg5 {[%clk 0:41:10]} 16. Bxg5 {[%clk 0:17:58]} Rfe8
{[%clk 0:41:11]} 17. Bf4 {[%clk 0:08:23]} Qe6 {[%clk 0:35:26]} 18. Qh5
{[%clk 0:01:53]} h6 {[%clk 0:35:19]} 19. Rd3 {[%clk 0:01:06]} Nc4
{[%clk 0:26:26]} 20. Rg3 {[%clk 0:01:34]} Nxe5 {[%clk 0:26:43]} 21. Bxh6
{[%clk 0:01:57]} g6 {[%clk 0:21:31]} 22. f4 {[%clk 0:02:09]} Ng4 {[%clk 0:09:50]}
23. Qxg4 {[%clk 0:02:35]} Qxg4 {[%clk 0:10:18]} 24. Rxg4 {[%clk 0:03:00]} Re2
{[%clk 0:10:45]} 25. Rc1 {[%clk 0:02:41]} d4 {[%clk 0:11:13]} 26. f5
{[%clk 0:01:10]} Rd8 {[%clk 0:11:41]} 27. Bd3 {[%clk 0:00:41]} Rxb2
{[%clk 0:11:56]} 28. fxg6 {[%clk 0:01:07]} f6 {[%clk 0:09:41]} 29. cxd4
{[%clk 0:01:10]} c4 {[%clk 0:09:56]} 30. Be4 {[%clk 0:00:33]} Rxd4
{[%clk 0:09:29]} 31. Re1 {[%clk 0:00:33]} Bxe4 {[%clk 0:07:30]} 32. Rgxe4
{[%clk 0:01:02]} 1-0

[Event "European Individual Chess Championship 2017"]
[Site "?"]
[Date "2017.06.08"]
[Round "9.100"]
[White "Djukic, Nikola"]
[Black "Koksal, Ege"]
[Result "1/2-1/2"]
[BlackElo "2405"]
[WhiteElo "2526"]
[LiveChessVersion "1.4.8"]

1. e4 {[%clk 1:30:57]} e5 {[%clk 1:30:56]} 2. Nf3 {[%clk 1:31:21]} Nc6
{[%clk 1:31:23]} 3. Bb5 {[%clk 1:31:44]} a6 {[%clk 1:31:50]} 4. Ba4
{[%clk 1:32:10]} Nf6 {[%clk 1:32:15]} 5. O-O {[%clk 1:32:33]} Be7
{[%clk 1:32:41]} 6. Re1 {[%clk 1:32:58]} b5 {[%clk 1:33:07]} 7. Bb3
{[%clk 1:33:21]} d6 {[%clk 1:33:33]} 8. c3 {[%clk 1:33:43]} O-O {[%clk 1:33:58]}
9. h3 {[%clk 1:34:08]} Na5 {[%clk 1:31:38]} 10. Bc2 {[%clk 1:34:31]} c5
{[%clk 1:32:05]} 11. d4 {[%clk 1:34:54]} Nd7 {[%clk 1:32:33]} 12. a4
{[%clk 1:34:59]} Rb8 {[%clk 1:31:26]} 13. axb5 {[%clk 1:35:17]} axb5
{[%clk 1:31:56]} 14. b3 {[%clk 1:35:25]} Qc7 {[%clk 1:00:49]} 15. d5
{[%clk 1:34:46]} Nb7 {[%clk 0:56:44]} 16. Nbd2 {[%clk 1:25:45]} Nd8
{[%clk 0:54:43]} 17. Nf1 {[%clk 1:23:30]} f6 {[%clk 0:55:12]} 18. Be3
{[%clk 1:22:31]} Nf7 {[%clk 0:55:18]} 19. Qe2 {[%clk 1:19:03]} Nb6
{[%clk 0:45:19]} 20. N3d2 {[%clk 1:04:34]} Bd7 {[%clk 0:44:30]} 21. Bd3
{[%clk 0:57:28]} f5 {[%clk 0:43:42]} 22. exf5 {[%clk 0:56:38]} Nxd5
{[%clk 0:44:08]} 23. c4 {[%clk 0:56:54]} Nb4 {[%clk 0:41:36]} 24. Be4
{[%clk 0:52:30]} Bc6 {[%clk 0:29:56]} 25. Ng3 {[%clk 0:48:08]} bxc4
{[%clk 0:28:57]} 26. bxc4 {[%clk 0:48:07]} Bg5 {[%clk 0:25:25]} 27. Bxc6
{[%clk 0:42:50]} Nxc6 {[%clk 0:25:19]} 28. Nde4 {[%clk 0:42:14]} Nd4
{[%clk 0:16:15]} 29. Bxd4 {[%clk 0:39:40]} cxd4 {[%clk 0:15:57]} 30. Qg4
{[%clk 0:38:37]} Bh6 {[%clk 0:14:51]} 31. f6 {[%clk 0:30:00]} g6 {[%clk 0:15:09]}
32. Nf5 {[%clk 0:24:57]} Rfd8 {[%clk 0:08:06]} 33. Ra6 {[%clk 0:14:38]} Bf8
{[%clk 0:08:13]} 34. Rea1 {[%clk 0:08:19]} Qd7 {[%clk 0:04:06]} 35. Ne7+
{[%clk 0:04:17]} Bxe7 {[%clk 0:04:36]} 36. fxe7 Qxe7 37. c5 {[%clk 0:03:48]} Kg7
{[%clk 0:01:17]} 38. cxd6 {[%clk 0:01:28]} Nxd6 {[%clk 0:00:53]} 39. Nc5
{[%clk 0:01:53]} Kg8 {[%clk 0:00:48]} 40. Ra7 {[%clk 0:31:24]} Nb7
{[%clk 0:30:49]} 41. Ne4 {[%clk 0:22:51]} d3 {[%clk 0:29:27]} 42. Rb1
{[%clk 0:19:43]} Kg7 {[%clk 0:25:23]} 43. Qf3 {[%clk 0:13:53]} Rd7
{[%clk 0:24:01]} 44. Kh2 {[%clk 0:07:57]} Nc5 {[%clk 0:12:00]} 45. Rxd7
{[%clk 0:04:57]} Nxd7 {[%clk 0:12:29]} 46. Rc1 {[%clk 0:04:40]} Rf8
{[%clk 0:11:56]} 47. Qxd3 {[%clk 0:04:53]} Nf6 {[%clk 0:12:25]} 48. Nc5
{[%clk 0:03:41]} Rc8 {[%clk 0:11:01]} 49. Nb3 {[%clk 0:02:11]} Rxc1
{[%clk 0:11:24]} 1/2-1/2